Les commentaires sur le premier livre des Éléments d'Euclide /
Guardado en:
| Autor Principal: | |
|---|---|
| Otros Autores: | , |
| Formato: | Libro |
| Idioma: | French Ancient Greek |
| Publicado: |
Paris :
Albert Blanchard,
1948.
|
| Series: | Collection de travaux de l'Academie Internationales d'Histoire des Sciences ;
1 |
| Etiquetas: |
Agregar Etiqueta
Sin Etiquetas, Sea el primero en etiquetar este registro!
|
| LEADER | 00935nam a22002055a 4500 | ||
|---|---|---|---|
| 001 | MAT.inmabb000584 | ||
| 008 | 031118s1948####fr#a##########001#0#fre#d | ||
| 005 | 20130218114812.0 | ||
| 245 | 1 | 4 | |a Les commentaires sur le premier livre des Éléments d'Euclide / |c Proclus de Lycie ; traduits pour la première fois du grec en français, avec une introduction et des notes par Paul Ver Eecke. |
| 260 | |a Paris : |b Albert Blanchard, |c 1948. | ||
| 300 | |a xxiv, 372 p. : |b il. ; |c 28 cm. | ||
| 440 | 0 | |a Collection de travaux de l'Academie Internationales d'Histoire des Sciences ; |v 1 | |
| 500 | |a Pie de imprenta tomado de etiqueta pegada sobre la portada. Texto bajo la etiqueta: Bruges : Desclée de Brouwer. | ||
| 510 | 4 | |a MR, |c 10,173d | |
| 100 | 0 | |a Proclus, |d ca. 410-485. | |
| 700 | 0 | |a Euclides. |t Elementos. | |
| 700 | 1 | |a Ver Eecke, Paul. |4 aui |4 trl | |
| 084 | |a 01A20 (51-03) |2 msc2000 | ||
| 041 | 1 | |a fre |h grc | |
| 859 | |h 01A20 |i P963 |p A-390 |b BIB. MATEMATICA | ||
